| 000 | 00410 a2200133 4500 | ||
|---|---|---|---|
| 001 | 92206 | ||
| 082 | _aPR 2477 | ||
| 090 |
_c44165 _d44164 |
||
| 100 | _aMuhammad Waqas; Prof Haris Ali Khan and Dr. Babar Saeed (Advisors) | ||
| 245 |
_aMaterial Characterization of Composite Materials under varying strain rates _n77 'A' EC |
||
| 260 |
_aIslamabad _bNUST _c2014 |
||
| 300 | _a88p. | ||
| 500 | _aBE Project Report | ||
| 942 |
_aCAE NUST _kPR 2477 |
||
| 999 |
_c327279 _d327279 |
||